000 01986nam a2200481 i 4500
001 DIGMIDAV0003
003 NyNyDIG
007 cr |||||||||||
008 240118s2023 sp ob 000 0 spa d
006 m o d
035 _a(OCoLC)1419044104
040 _aDGITA
_beng
_erda
_epn
_cDGITA
020 _a9788418929960
_qeBook
020 _z9788418929953
043 _amm-----
050 1 4 _aHC244.5 ebook
245 0 0 _aDesigualdades antiguas :
_beconomía, cultura y sociedad en el Oriente Medio y el Mediterráneo /
_cMarcelo Campagno [and 3 others] (comps.).
250 _aEdición primera.
264 1 _aBarcelona ;
_aBuenos Aires:
_bMiño y Dávila Editores,
_c[2023]
300 _a1 online resource.
336 _atext
_btxt
_2rdacontent
337 _acomputer
_bc
_2rdamedia
338 _aonline resource
_bcr
_2rdacarrier
347 _atext file
_2rdaft
347 _bEPUB
490 1 _aEstudios del Mediterráneo Antiguo / PEFSCEA ;
_vno. 28
504 _aIncludes bibliographical references.
588 0 _aOnline resource; title from ePub title page (Digitalia, viewed January 18, 2024)
651 0 _aMediterranean Region
_xEconomic conditions.
651 0 _aMiddle East
_xEconomic conditions.
650 0 _aIncome distribution
_zMediterranean Region
_xHistory
_yTo 1500.
650 0 _aIncome distribution
_zMiddle East
_xHistory
_yTo 1500.
650 0 _aWealth
_zMediterranean Region
_xHistory
_yTo 1500.
650 0 _aWealth
_zMiddle East
_xHistory
_yTo 1500.
700 1 _aCampagno, Marcelo,
_eeditor.
791 2 _aDigitalia (Firm),
_edistributor.
793 0 _gDigitalia eBook Collection:
_aMiño y Dávila Editores
776 0 8 _iPrint version:
_tDesigualdades antiguas.
_dBarcelona ; Buenos Aires: Miño y Dávila Editores, [2023]
_z9788418929953
830 0 _aEstudios del Mediterráneo antiguo ;
_vno. 28.
856 4 0 _3Digitalia Hispánica
_uhttps://www.digitaliapublishing.com/a/133128/
910 _aPremium collection: 2024
942 _cRAA
999 _c282346
_d282346